000 00556nam a2200205Ia 4500
003 GCL
008 140319s9999 xx 000 0 eng d
040 _aGCL /
_cGCL
082 0 4 _a612
_bS C
100 1 _aSUKKER, M. Y.
245 1 0 _aCONCISE HUMAN PHYSIOLOGY /
_cSUKKER, M. Y.
700 1 _aMUNSHID, H. A. E.
700 1 _aARDAWI, M. S. M.
260 _a[S.N] :
_bBLACKWELL SCIENTIFIC PUBLICATIONS ،
_c1993
300 _a506 P
650 0 4 _aPHYSIOLOGY
650 0 4 _aHUMAN PHYSIOLOGY
650 0 4 _aHUMAN PHYSIOLOGY, DEVELOPING C
942 _2ddc
_cBK
999 _c20818
_d20818